[Event "Monza e Brianza Province-ch"]
[Site "Ceriano Laghetto"]
[Date "2014.02.18"]
[Round "5"]
[White "Frigerio, Roberto"]
[Black "Monticelli, Francesco"]
[Result "0-1"]
[WhiteElo "1754"]
[BlackElo "1705"]
[PlyCount "70"]
[EventDate "2014.01.21"]
[EventType "swiss"]
[EventRounds "6"]
[EventCountry "ITA"]
[SourceTitle "EXT 2015"]
[Source "ChessBase"]
[SourceDate "2014.11.20"]
[SourceVersion "1"]
[SourceVersionDate "2014.11.20"]
[SourceQuality "1"]

1. e4 c6 2. d4 d5 3. exd5 cxd5 4. Nf3 Nf6 5. Bb5+ Bd7 6. a4 e6 7. 0-0 Bd6 8. Bg5 Bxb5 9. axb5 Nbd7 10. Re1 Qc7 11. Nbd2 0-0 12. h3 Qb6 13. c3 Qxb5 14. Qc2 Rfc8 15. Ne5 h6 16. Bf4 Rc7 17. Re3 Nh5 18. Bh2 Nxe5 19. Bxe5 Bxe5 20. Rxe5 Nf4 21. c4 Qb4 22. Ra4 Qe7 23. c5 Qd7 24. g3 Nxh3+ 25. Kh2 Nxf2 26. Kg2 Ng4 27. Re1 Qe7 28. Nf3 a6 29. Qe2 Rac8 30. b4 Nf6 31. Ne5 Ne4 32. Qd3 Qg5 33. Nc4 Nxc5 34. bxc5 dxc4 35. Qxc4 b5 0-1

[Event "Monza e Brianza Province-ch"]
[Site "Ceriano Laghetto"]
[Date "2014.02.04"]
[Round "3"]
[White "Stagno, Roberto"]
[Black "Frigerio, Roberto"]
[Result "0-1"]
[WhiteElo "1440"]
[BlackElo "1754"]
[PlyCount "110"]
[EventDate "2014.01.21"]
[EventType "swiss"]
[EventRounds "6"]
[EventCountry "ITA"]
[SourceTitle "EXT 2015"]
[Source "ChessBase"]
[SourceDate "2014.11.20"]
[SourceVersion "1"]
[SourceVersionDate "2014.11.20"]
[SourceQuality "1"]

1. e4 c5 2. Nc3 e6 3. Nf3 Nf6 4. e5 Ng4 5. h3 Nh6 6. d3 Qc7 7. Bxh6 gxh6 8. Ne4 b6 9. Qd2 Nc6 10. Nd6+ Bxd6 11. exd6 Qxd6 12. Qxh6 Bb7 13. Qf6 Rg8 14. Ng5 Qe5+ 15. Ne4 Qc7 16. 0-0-0 d5 17. Ng3 Qe7 18. Qh6 f5 19. Re1 Kd7 20. Nxf5 Qg5+ 21. Qxg5 Rxg5 22. Ne3 Rf8 23. f3 d4 24. Ng4 h5 25. Nf2 Ne7 26. Ne4 Rg6 27. Rg1 h4 28. Be2 Nf5 29. a4 a5 30. Kd2 Bxe4 31. fxe4 Ne3 32. Bf3 Rfg8 33. Rxe3 dxe3+ 34. Kxe3 Rg3 35. Kf2 Kd6 36. Re1 Ke5 37. Re3 Rd8 38. b3 Rb8 39. c3 b5 40. d4+ cxd4 41. cxd4+ Kd6 42. e5+ Ke7 43. axb5 Rxb5 44. Rc3 Rb7 45. Ke2 Kd8 46. Kd2 Rc7 47. Rc4 Rxc4 48. bxc4 Rg7 49. Kc3 Rd7 50. d5 exd5 51. cxd5 Rc7+ 52. Kb3 Rc5 53. e6 Kc7 54. Ka4 Kd6 55. Ka3 Rc4 0-1